000 00862nam0a22002531 4500
001 rc\4024242
005 20260407082448.0
021 _aRU
_b[53-35334]
035 _a(NLR Aleph) 008088286
090 _a9167042
_c9167042
100 _a20130415d1953 |||y0rusy50 ca
101 0 _arus
102 _aRU
105 _aa z |||||
200 1 _aКсения Георгиевна Держинская. 1889-1951
_fГос. ордена Ленина акад. Большой театр СССР
210 _aМосква
_cИскусство
_d1953
215 _a[16] с.
_cил.
_d21
606 _aАртисты оперы, русские, советские
_2psbo
712 0 2 _aБольшой театр СССР
_3RU\NLR\AUTH\888351
_9289118
801 0 _aRU
_bNLR
_gpsbo
801 1 _aRU
_bELAR
_2rusmarc
852 _aNLR
_jИс80 Г-4/180
942 _cBOOK
980 _aNB